000 00522nam a2200157Ia 4500
008 170221s9999 xx 000 0 und d
100 _aZhou, Xiao.
245 _aChannel Estimation Based on Linear Filtering Least Square in OFDM Systems
245 _cXiao Zhou, Zhun Ye, Xiaoxiao Liu, and Chengyou Wang.
260 _bJournal of Communications
260 _c2016
300 _a11 : 11
650 _xCommunication
650 _xMedia Arts
856 _uhttp://www.jocm.us/index.php?m=content&c=index&a=lists&catid=168
999 _c306771
_d306771